LEADER 00960nam a2200229 i 4500 001 000000218123 003 CaOOAMICUS 005 20130115000000.0 008 130115s1960 it u000 u ita u 013 $a197020 040 $aSeMil$bita 245 13$aLa fognatura di Milano :$btavole /$cAntonio Columbo. 260 $aMilano :$bIndustrie grafiche italiane Stucchi,$c1960. 300 $a1 cartella (10 tav. ripieg.) :$bill. ;$c27 cm. 490 0 $aQuaderni della Cittą di Milano ;$v8 650 4$aMilano - Fognature.$0(OLS)http://semarc/subject/40409 830 0$aQuaderni della Cittą di Milano ;$v8.$0(OLS)http://semarc/title/17324 850 $aSeMil 852 $aSeMil$W1$xVenegono$y1$m3O V 111$j168536$B168536$CSeMilBibl$Z2$F179418 $81 961 $aOmaggio: Deposito 996 $6245$aLa fognatura di Milano :$btavole$9(OLS)http://semarc/title/313315 996 $6260$aMilano :$bIndustrie grafiche italiane Stucchi$9(OLS)http://semarc/publisher/33583 LEADER 00660nam a2200181 i 4500 001 000000204550 003 CaOOAMICUS 005 20110729000000.0 008 110729s1809 it u000 u ita u 013 $a183277 026 $aE.IO r-o- o-e- leso (3) 1809 (R) 040 $aSeMil$bita 245 10$aTomo 2. 300 $a263, [1] p. 773 0 $aCerati, Antonio <1738-1816>$tOpuscoli diversi di Filandro Cretense P.E. Tomo primo [-quarto].$dParma : Dalla stamperia Carmignani, 1809-1810.$g2$w()5284 850 $aSeMil 852 $aSeMil$W1$xVenegono$y1$m1H VI 14/2 FA$j155044$B155044$CSeMilBibl$Z2$F165948 $8I 996 $6245$aTomo 2$9(OLS)http://semarc/title/49331